00852cam a22002534a 450000100090000000300050000900500170001400800410003101000170007202000180008904000180010704300120012505000300013708200140016710000280018124500840020925000380029326000330033130000480036450000510041265000460046365000670050970000220057614942253SISC20170308082450.0070726s2008 ohua b 000 0 eng  a 2007933842 a9789814410182 aDLCcDLCdDLC an-us---00aHF 5429.235.U5b.J87 201200a658.8/7081 aJudd, Richard J.d1941-10aFranchising :ban entrepreneur's guide /cRichard J. Judd and Robert T. Justis. a4th edition ; Philippine edition. aMason, OH :bThomson,c2008. axxiii, 621 pages :billustrations ;c28 cm. aIncludes bibliographical references and index. 0aFranchises (Retail trade)zUnited States. 0aFranchises (Retail trade)xLaw and legislationzUnited States.1 aJustis, Robert T.